[Event "Copenhagen Challenge GM 2020"]
[Site "Ballerup"]
[Date "2020.07.25"]
[Round "6.2"]
[White "Grandelius, Nils"]
[Black "Haubro, Martin"]
[Result "1-0"]
[WhiteElo "2651"]
[BlackElo "2437"]
[Annotator "TA"]
[PlyCount "45"]
[EventDate "2020.07.22"]
[EventType "tourn"]
[EventCountry "DEN"]
[SourceTitle "playchess.com"]
[Source "ChessBase"]
[SourceQuality "1"]

{[%evp 20,45,42,37,36,32,31,22,41,31,81,85,68,68,91,93,95,95,145,141,179,181,323,321,313,313,491,491]} 1. d4 Nf6 2. c4 e6 3. Nc3 Bb4 4. f3 c5 5. d5 b5 6. e4 bxc4 7. Bxc4 exd5 8. Bxd5 Nxd5 9. Qxd5 Nc6 10. Nge2 Ba6 11. Kf2 O-O {E20: Nimzo-Indian: 4 g3 and 4 f3.} 12. Rd1 Ba5 13. Bg5 Qb6 {The position is equal.} 14. Be3 {[#]} Nb4 $146 ({But not} 14... Qxb2 $2 15. Rab1 $18) ({Predecessor:} 14... Rfb8 15. Bxc5 Qxb2 16. Rab1 Bxc3 17. Rxb2 Rxb2 18. Rd3 Bxd3 19. Qxd3 Bf6 20. f4 Nb4 21. Bxb4 Rxb4 {1-0 (59) Berkes,F (2614)-Cao,S (2545) Budapest 2004}) 15. Qxc5 ({Reject} 15. Qxd7 $6 Rfd8 $11) 15... Qd8 16. Qd6 Bxe2 17. Kxe2 Nc2 {[#]} 18. Bc5 $1 $36 {[%mdl 2048] aiming for Rac1. White has strong initiative.} Qg5 19. Rac1 Rfc8 20. Bf2 Nb4 (20... Bxc3 $142 21. bxc3 (21. Rxc2 Bf6 $18) 21... Rxc3) 21. h4 $18 ({Less strong is} 21. Qxd7 Qxg2 22. Qd6 Rc6 $16) 21... Qd8 22. Qxd7 Qf8 (22... Nc6 $142 23. Qxd8+ Bxd8) 23. a3 {Black did not feel at home in the position after the opening. Accuracy: White = 100%, Black = 45%.} 1-0

[Event "Copenhagen Challenge GM 2020"]
[Site "Ballerup"]
[Date "2020.07.25"]
[Round "6.3"]
[White "Haldorsen, Benjamin"]
[Black "Hector, Jonny"]
[Result "0-1"]
[WhiteElo "2458"]
[BlackElo "2476"]
[Annotator "TA"]
[PlyCount "66"]
[EventDate "2020.07.22"]
[EventType "tourn"]
[EventCountry "DEN"]
[SourceTitle "playchess.com"]
[Source "ChessBase"]
[SourceQuality "1"]

{[%evp 9,66,29,31,16,19,-16,-4,0,12,-23,-23,-25,-27,-29,-27,-27,-26,-31,-23,-53,-56,-59,-56,-100,-101,-85,-94,-95,-81,-125,-92,-89,-58,-79,-63,-82,-75,-73,-26,-95,-91,-76,-93,-74,-78,-93,-77,-139,-133,-147,-111,-812,-808,-936,-924,-6440,-6821,-3412,-3189]} 1. Nf3 Nc6 2. d4 d5 3. g3 Bf5 4. Bg2 Nb4 5. Na3 e6 6. c3 {D02: 1 d4 d5 2 Nf3 sidelines, including 2...Nf6 3 g3 and 2...Nf6 3 Bf4.} Nc6 {[#]} 7. b4 $146 ({Predecessor:} 7. Qb3 Rb8 8. Nh4 Bg4 9. e4 dxe4 10. Bxe4 Be7 11. Nc4 Nf6 12. Bg2 O-O 13. O-O Nd5 {½-½ (113) Praggnanandhaa,R (2602)-Saric,I (2655) Caleta 2020}) 7... a5 8. b5 {The position is equal.} Na7 9. Qa4 Nc8 $1 10. Nd2 Nf6 11. O-O Be7 $36 {[%mdl 2048] White is under pressure.} 12. c4 O-O 13. Bb2 Bb4 14. Rad1 Qe7 15. c5 b6 16. cxb6 Nxb6 17. Qb3 a4 18. Qe3 Rfc8 19. h3 h5 20. Rc1 {[#]} Ne4 $1 {[%mdl 512]} 21. Nxe4 dxe4 22. Rc6 $1 Nd5 23. Qc1 Bg6 24. Nc4 (24. f3 $11) 24... a3 $17 25. Ba1 {[#]} f5 $1 26. f3 exf3 27. Bxf3 Be8 28. Ra6 (28. Ne5 $142) 28... Bxb5 29. Rxa8 Rxa8 30. Bxh5 $2 {[%mdl 8192] This move loses the game for White.} (30. Ne5 $17) 30... Bxc4 $1 $19 {[%mdl 64] Overworked Piece. Black is clearly winning.} 31. Qxc4 {[#]} Qg5 $1 {[%csl LRg3,LRh5][%mdl 576] Double Attack} 32. g4 Qe3+ {[%mdl 64] Double Attack} 33. Kg2 Qe4+ {Accuracy: White = 49%, Black = 91%.} 0-1

[Event "Copenhagen Challenge GM 2020"]
[Site "Ballerup"]
[Date "2020.07.25"]
[Round "6.4"]
[White "Jacobsen, Mikkel Manosri"]
[Black "Thybo, Jesper Sondergaard"]
[Result "1/2-1/2"]
[WhiteElo "2316"]
[BlackElo "2590"]
[Annotator "TA"]
[PlyCount "90"]
[EventDate "2020.07.22"]
[EventType "tourn"]
[EventCountry "DEN"]
[SourceTitle "playchess.com"]
[Source "ChessBase"]
[SourceQuality "1"]

{[%evp 10,90,38,23,32,29,34,22,4,0,4,-41,26,40,67,54,88,96,70,22,27,12,45,46,40,44,85,15,12,13,62,46,59,77,73,0,0,0,0,0,110,105,108,-20,89,85,92,89,92,14,25,18,18,15,14,20,18,17,67,68,69,67,86,87,106,14,16,0,0,0,0,0,53,32,39,0,0,0,8,14,32,0,0]} 1. d4 Nf6 2. c4 e6 3. Nf3 Bb4+ 4. Nbd2 O-O 5. a3 Be7 6. e4 d6 {is now debated instead of 6...d5. E11: Bogo-Indian.} 7. Be2 Nfd7 8. O-O e5 9. d5 a5 10. b3 {[%cal Bb2b3,Bb3b4][%mdl 32] [#]} g6 $146 (10... Nc5 $15) ({Predecessor:} 10... Nc5 11. Ne1 Bg5 12. Bd3 c6 13. Bc2 Bd7 14. Nef3 Bh6 15. Bb2 Bg4 16. h3 Bh5 {1-0 (70) Postny,E (2601)-Horvath,A (2495) Mali Losinj 2019}) 11. Bb2 Qe8 12. b4 $36 {[%mdl 2048] White has good play.} f5 13. c5 Nf6 14. Bc4 Nxe4 15. Re1 Nxd2 16. Qxd2 {Strongly threatening Nxe5!} ({Don't play} 16. Nxd2 Nd7 $15) 16... Bf6 $1 17. Nd4 ({Of course not} 17. bxa5 Na6 $11) 17... axb4 18. axb4 (18. Nb5 $16 Qe7 19. axb4) 18... Rxa1 $11 19. Bxa1 Kg7 20. f4 $1 Qd8 21. fxe5 $1 dxe5 22. Rxe5 ({White should try} 22. Nb5 $1 $16) 22... Bxe5 23. Ne6+ Bxe6 $1 24. Bxe5+ {[#]} Kf7 (24... Rf6 $1 $11 25. Bxf6+ Qxf6 26. dxe6 Nc6) 25. dxe6+ $16 Ke8 26. Qxd8+ Kxd8 {[%mdl 4096] Endgame KRN-KB} 27. b5 {Hoping for b6.} Re8 28. b6 $1 {[%cal Rb6c7]} Re7 29. bxc7+ ({Much worse is} 29. Bxc7+ $6 Rxc7 30. bxc7+ Kxc7 $11) (29. Bf6 $1 $16 {[%cal Rf6e7]} cxb6 30. cxb6) 29... Rxc7 $11 {[#]} 30. e7+ $1 {[%mdl 512]} Rxe7 31. Bxb8 Re1+ $1 32. Bf1 Rc1 33. Ba7 Rc2 34. Bd3 Rd2 35. Bc4 Ke7 36. Kf1 g5 {[#]} 37. Be2 ({White should play} 37. c6 $1 $16 {[%cal Rc6b7][%mdl 512]} bxc6 38. Be3 {[%mdl 64] Double Attack}) 37... g4 38. Kf2 Ra2 39. Bb8 Rc2 40. Ba7 f4 ({Better is} 40... Ra2 $11 41. Bb8 Rc2) 41. Ke1 h5 42. Kd1 Ra2 43. Bb8 Ra1+ 44. Kd2 Ra2+ 45. Kd1 Ra1+ {Accuracy: White = 72%, Black = 72%.} 1/2-1/2

[Event "Copenhagen Challenge GM 2020"]
[Site "Ballerup"]
[Date "2020.07.25"]
[Round "6.5"]
[White "Olsen, Filip Boe"]
[Black "Johansson, Linus"]
[Result "0-1"]
[WhiteElo "2353"]
[BlackElo "2476"]
[Annotator "TA"]
[PlyCount "120"]
[EventDate "2020.07.22"]
[EventType "tourn"]
[EventCountry "DEN"]
[SourceTitle "playchess.com"]
[Source "ChessBase"]
[SourceQuality "1"]

{[%evp 12,120,8,6,23,17,20,17,14,-4,0,-8,-4,-11,0,-11,-12,-2,-18,-12,-16,-14,0,-15,-17,-16,-20,-27,-16,-16,0,-34,-27,-84,-16,-20,-24,-12,-22,-35,-47,-58,-42,-120,-119,-123,-112,-118,-104,-131,-118,-130,-120,-179,-172,-187,-181,-174,-179,-163,-59,-60,-61,-47,-80,-96,-96,-96,-96,-423,-422,-410,-387,-437,-426,-464,-411,-655,-443,-417,-417,-417,-417,-404,-277,-1179,-1172,-1043,-1037,-511,-368,-3410,-709,-29952,-29953,-29958,-29957,-5293,-5245,-29978,-29978,-29978,-29979,-29979,-29980,-29980,-29981,-29984,-29982,-29980,-29981]} 1. d4 Nf6 2. c4 e6 3. Nf3 d5 4. g3 Be7 5. Bg2 O-O 6. Nc3 c6 7. O-O Ne4 {E06: Closed Catalan: Early deviations.} 8. Be3 {[#]} Nxc3 $146 ({Predecessor:} 8... f5 9. Qc1 Nd7 10. Rd1 Qe8 11. Ne5 Bd6 12. Nd3 Ndf6 13. Bf4 Bxf4 14. Qxf4 {1-0 (39) Zakhartsov,V (2471)-Gharagyozyan,A (2321) Sochi 2019}) 9. bxc3 Nd7 {The position is equal.} 10. Qd3 b6 11. cxd5 cxd5 12. Rfc1 a5 13. a4 Ba6 14. Qc2 b5 15. axb5 Bxb5 16. Rcb1 Bc4 17. Bf4 Qc8 18. e4 dxe4 19. Qxe4 Bd5 20. Qd3 Qc6 21. Rc1 Rfc8 22. Qe3 {[#]} (22. c4 $11 {remains equal.} Bxc4 23. Qb1) 22... Nb6 ({Better is} 22... Qb7 $1 $17 23. Rab1 Nb6) 23. Ne5 $11 Qb7 24. Bxd5 Qxd5 25. Qd3 Nc4 26. Nxc4 Rxc4 27. Rcb1 (27. Re1 $1 $15) 27... a4 $17 {[%cal Ba5a4,Ba4a3][%mdl 32]} 28. Bc1 Qc6 29. Bd2 h6 30. h4 Rc8 31. Ra2 Qd5 {Threatens to win with ...Rxc3.} 32. Rba1 (32. Rab2 $17) 32... a3 $1 $19 33. Qf1 Ra4 34. Qg2 Qb3 35. Qe4 Bf6 ({Black should play} 35... Qc4 $19 36. Bf4 Qxc3) 36. Qb1 $1 $15 {[%cal Rb1b3]} Rb8 {[%cal Bc8b8,Bb8b3,Bb3c3][%mdl 32]} 37. Qxb3 Rxb3 38. Bc1 {[%cal Ra2a3]} Rxc3 39. Bxa3 Bxd4 {[#] And now ...Rxg3+ would win.} 40. Bb2 $2 {[%mdl 8192] Loses the game.} (40. Kg2 $17 {is more resistant.}) 40... Rxa2 $19 41. Rxa2 Rxg3+ $1 {[%mdl 4096] Endgame KRB-KRB} 42. Kf1 Rg4 43. Ra4 e5 44. Bxd4 (44. h5 $142) 44... exd4 {KR-KR} 45. h5 Rg5 46. Rxd4 {Now Rh4 and White clings on.} Rxh5 47. Kg2 Ra5 48. Rd7 $2 (48. f4) 48... g5 49. Kg3 Kg7 50. Rb7 Ra3+ 51. Kg2 $2 (51. f3) 51... Kg6 (51... g4 $142 52. Rb5 f6 53. Rb7+ Kg6) 52. Rb4 h5 53. Rb6+ f6 54. Rb8 h4 55. Rb5 g4 {Black mates.} 56. Rc5 Ra2 57. Kg1 f5 58. Rc3 Kg5 59. Rb3 h3 60. Rb1 Kh4 {Accuracy: White = 59%, Black = 82%.} 0-1

[Event "Copenhagen Challenge GM 2020"]
[Site "Ballerup"]
[Date "2020.07.25"]
[Round "7.1"]
[White "Haubro, Martin"]
[Black "Olsen, Filip Boe"]
[Result "1/2-1/2"]
[WhiteElo "2437"]
[BlackElo "2353"]
[Annotator "TA"]
[PlyCount "75"]
[EventDate "2020.07.22"]
[EventType "tourn"]
[EventCountry "DEN"]
[SourceTitle "playchess.com"]
[Source "ChessBase"]
[SourceQuality "1"]

{[%evp 9,75,-33,-25,-96,-67,-50,-61,-92,-28,-34,-44,-36,0,0,0,-13,54,57,58,43,38,33,43,33,42,42,33,0,0,0,227,102,237,218,446,455,660,658,639,634,255,0,0,0,0,0,0,0,0,0,0,0,0,0,26,49,58,0,0,0,30,0,0,0,0,0,0,0]} 1. e4 c6 2. d4 d5 3. e5 Bf5 4. h4 h5 5. Bg5 Qb6 6. Bd3 {B12: Caro-Kann: Advance Variation.} (6. b3 $11 {remains equal.}) 6... Qxd4 7. Nf3 $1 {[%cal Rf3d4]} Qg4 8. O-O {Black is slightly better. 8.Bxf5 is more fashionable.} e6 (8... Bxd3 $17 9. cxd3 Nd7) 9. Bxf5 $11 Qxf5 10. c4 Be7 11. Qb3 b6 12. cxd5 {[#]} Bxg5 $146 (12... exd5 $11 13. Re1 Bxg5 14. Nxg5 Ne7) ({Predecessor:} 12... exd5 13. Nc3 Bxg5 14. Nxg5 Ne7 15. Rae1 O-O 16. Qd1 g6 17. e6 f6 18. Nf7 Rxf7 19. exf7+ Kxf7 {0-1 (55) Morris,M (2168)-Tao,T (2440) Cammeray 2013}) 13. Nxg5 $14 {[%cal Rd5e6]} cxd5 14. Nc3 $36 {[%mdl 2048] White fights for an advantage.} Ne7 $1 15. Nb5 $1 {[%cal Rb5d6]} O-O $1 (15... Qxe5 $2 16. Rae1 $18) 16. Nc7 Nbc6 {aiming for ...Rac8.} 17. Nxa8 Rxa8 18. Qf3 Nxe5 19. Qxh5 N7g6 $2 {[#]} (19... Nd3 $11 {and Black is okay.}) 20. Qh7+ $1 $18 Kf8 {[#]} 21. Rac1 $1 {Threatens to win with Rc7.} Qf4 $2 (21... Nd7 22. Rc7 Rd8) 22. g3 Qg4 (22... Nf3+ $142 23. Nxf3 Qxf3) 23. Rc7 Rd8 24. Rfc1 d4 {and if ...d3 works, Black does fine.} 25. Rc8 $2 ({Not} 25. Rxa7 d3 $14) (25. Kg2 $18 {Black must now prevent f3.} d3 26. f3) 25... Rxc8 $1 $11 26. Rxc8+ Ke7 {...d3 is the strong threat.} 27. Qg8 {[%csl Gc8][%cal Rg8d8]} Qd1+ 28. Kh2 {[%csl Gc8][%cal Rg8d8]} Kf6 29. Rc7 {[%cal Rc7f7] Threatening mate with Rxf7+.} Ng4+ 30. Kh3 Nxf2+ {[#]} 31. Kg2 $1 {[%mdl 512]} Nf4+ 32. gxf4 {[%csl Gc7,Gg5][%cal Rg8f7]} Qg4+ $1 {[%mdl 64] Double Attack} 33. Kf1 {[%csl Gc7,Gg5][%cal Rg8f7]} Qd1+ 34. Kg2 $1 {[%csl Gc7,Gg5][%cal Rg8f7]} Qg4+ $1 {[%mdl 64] Double Attack} 35. Kf1 {[%csl Gc7,Gg5][%cal Rg8f7]} Qd1+ {The position is equal.} 36. Kxf2 {[%csl Gc7,Gg5][%cal Rg8f7]} Qd2+ {[%mdl 64] Double Attack} 37. Kg3 {[%csl Gc7,Gg5][%cal Rg8f7]} Qe1+ 38. Kg2 {Black defended with fortune. Accuracy: White = 80%, Black = 64%.} 1/2-1/2

[Event "Copenhagen Challenge GM 2020"]
[Site "Ballerup"]
[Date "2020.07.25"]
[Round "7.2"]
[White "Hector, Jonny"]
[Black "Grandelius, Nils"]
[Result "0-1"]
[WhiteElo "2476"]
[BlackElo "2651"]
[Annotator "TA"]
[PlyCount "80"]
[EventDate "2020.07.22"]
[EventType "tourn"]
[EventCountry "DEN"]
[SourceTitle "playchess.com"]
[Source "ChessBase"]
[SourceQuality "1"]

{[%evp 9,80,11,19,5,16,0,10,0,0,-23,-12,-21,-24,-25,-6,-31,-27,-37,-46,-73,-79,-111,-121,-117,-107,-117,-100,-118,-97,-130,-127,-141,-159,-154,-139,-157,-103,-110,-93,-136,-37,-54,-16,-21,-11,-11,-11,-31,-12,-27,-11,-50,-50,-135,-113,-170,-179,-300,-280,-274,-273,-274,-240,-949,-915,-29984,-29985,-29985,-29986,-29987,-29988,-29985,-29986]} 1. e4 c6 2. d4 d5 3. e5 c5 4. Nf3 cxd4 5. Nxd4 Nc6 6. c4 {B12: Caro-Kann: Advance Variation.} e6 7. Nc3 Bb4 8. Be2 {The position is equal.} Nge7 9. Nxc6 bxc6 {[%cal Bb7c6,Bc6d5,Bd5d4,Bd4d3][%mdl 32] [#]} 10. Bd2 $146 ({Predecessor:} 10. O-O O-O 11. Na4 Ba6 12. a3 Ba5 13. Qc2 Ng6 14. b4 Bc7 15. f4 Bxc4 16. Bxc4 dxc4 17. Qxc4 {½-½ (24) Costa Trillo,V (2360)-Martin Molinero,R (2428) ICCF email 2017}) 10... O-O 11. O-O Rb8 12. cxd5 cxd5 13. Rc1 Ng6 14. f4 d4 15. Ne4 d3 16. Bf3 Qd4+ 17. Rf2 Bxd2 $1 ({Much weaker is} 17... Qxb2 $6 18. g3 $11) 18. Qxd2 Bb7 19. Nd6 Bxf3 {[%mdl 64] Pin} 20. Rc4 {[%cal Bc1c4,Bc4e4,Be4e5][%mdl 32]} Qb6 21. gxf3 f6 22. Re4 fxe5 ({Better is} 22... Qa6 $1 23. Nc4 Rbd8 24. exf6 Rxf6) 23. Nc4 $17 Qc5 {[%cal Rg6f4]} 24. Nxe5 {Black should prevent Nd7.} Nxe5 (24... Rfd8 $1 $17 {White must now prevent ...Rxb2!} 25. Nc4 Rb7) 25. Rxe5 $15 Qd6 (25... Qd4 {looks sharper.} 26. Qe3 Qxf4 27. Rxe6 Rbd8 28. Qxf4 Rxf4 29. Rd2 Rxf3 30. Re7 a6) 26. Qe3 Rf6 27. Rd2 Rd8 28. Kf2 h6 $36 {[%mdl 2048] Black fights for an advantage.} 29. h4 Qc6 30. h5 Rdf8 31. Re4 ({White should try} 31. Rxd3 $15 Rxf4 32. Kg3) 31... Qd5 32. Rxd3 (32. Qxd3 $17 Qxh5 33. Ke3) 32... Qxh5 $19 33. Ke2 {[#]} (33. Qd4 $142) 33... Rg6 $1 34. Kd1 Qh1+ 35. Kc2 Rg2+ 36. Kb3 $2 {[#]} (36. Rd2) 36... Qh2 $1 37. Rxe6 Rxb2+ {[%mdl 64] Double Attack. Black mates.} 38. Kc4 Qc2+ 39. Kd4 Rd8+ 40. Ke4 Qc4+ {Accuracy: White = 57%, Black = 88%.} 0-1

[Event "Copenhagen Challenge GM 2020"]
[Site "Ballerup"]
[Date "2020.07.25"]
[Round "7.3"]
[White "Thybo, Jesper Sondergaard"]
[Black "Haldorsen, Benjamin"]
[Result "0-1"]
[WhiteElo "2590"]
[BlackElo "2458"]
[Annotator "TA"]
[PlyCount "82"]
[EventDate "2020.07.22"]
[EventType "tourn"]
[EventCountry "DEN"]
[SourceTitle "playchess.com"]
[Source "ChessBase"]
[SourceQuality "1"]

{[%evp 10,82,70,74,86,77,105,31,95,64,102,99,108,-9,30,31,37,48,103,86,97,41,44,1,14,-33,-28,-47,-44,-19,-22,-35,-52,-40,-29,-61,-34,-83,-89,-90,-93,-113,-71,-109,-49,-62,-56,-441,-441,-438,-415,-435,-435,-417,43,-402,-413,-479,-483,-460,-449,-768,-771,-891,-891,-891,-891,-884,-877,-874,-848,-848,-784,-575,-547]} 1. d4 g6 2. c4 Bg7 3. e4 d6 4. Nc3 c5 5. d5 Bxc3+ 6. bxc3 e5 {A43: Schmid Benoni.} 7. Bd3 Qe7 8. h4 {[#]} (8. Ne2 $16) 8... h6 $146 (8... f5 $1 $14) ({Predecessor:} 8... Nf6 9. Ne2 Nbd7 10. Ng3 h5 11. Bg5 Nf8 12. Qa4+ Qd7 13. Qa3 N8h7 14. Bd2 O-O {0-1 (41) Kaasen,T (2401)-Haldorsen,B (2458) Oslo 2020}) 9. Ne2 Nd7 10. Ng3 Kd8 11. Nf1 ({White should play} 11. Qb3 $16) 11... Kc7 (11... f5 $5) 12. Ne3 Ngf6 13. g3 Nf8 (13... Nb6 $14) 14. Kf1 h5 15. Kg2 (15. f3 $16) 15... Ng4 $14 16. Nxg4 hxg4 17. f3 gxf3+ 18. Qxf3 Nh7 19. Bd2 Bd7 20. Raf1 f6 21. g4 Raf8 22. Qg3 Rhg8 23. g5 f5 24. Qe1 f4 {...Nxg5! is the strong threat.} 25. Kf3 Rg7 26. Rfg1 Bc8 (26... Rh8 $17 27. Qd1 Qd8) 27. Qc1 Rh8 28. Be1 $2 {[%mdl 8192] [#]} (28. Ke2 $15) 28... Nxg5+ $1 $19 {[%mdl 512]} 29. hxg5 (29. Rxg5 Qxg5) 29... Rxh1 {[%mdl 64] Overworked Piece} 30. Rxh1 Qxg5 {Hoping for ...Qg4+.} 31. Bh4 Qg4+ 32. Kf2 {Black must now prevent Be2.} g5 33. Qg1 gxh4 {Black is clearly winning.} 34. Qxg4 Rxg4 {[%mdl 4096] Endgame KRB-KRB} (34... Bxg4 $2 35. Rxh4 Bd1 36. Rh3 $19) 35. Be2 (35. Bf1 $142 Rg3 36. Rxh4) 35... Rg3 36. Rxh4 {[#]} Rh3 $1 37. Rxh3 Bxh3 38. Bf3 Kd8 39. Bd1 Ke7 40. Be2 Kf6 41. Bd1 Kg5 {Accuracy: White = 58%, Black = 81%.} 0-1

[Event "Copenhagen Challenge GM 2020"]
[Site "Ballerup"]
[Date "2020.07.25"]
[Round "7.4"]
[White "Antonsen, Mikkel"]
[Black "Jacobsen, Mikkel Manosri"]
[Result "1-0"]
[WhiteElo "2376"]
[BlackElo "2316"]
[Annotator "TA"]
[PlyCount "137"]
[EventDate "2020.07.22"]
[EventType "tourn"]
[EventCountry "DEN"]
[SourceTitle "playchess.com"]
[Source "ChessBase"]
[SourceQuality "1"]

{[%evp 19,136,56,57,27,63,50,75,66,68,45,50,0,0,0,143,83,126,118,118,126,204,196,220,98,209,223,233,226,189,111,126,121,117,132,170,126,210,225,203,199,178,139,201,115,147,0,0,0,0,-58,0,-100,39,31,57,0,14,0,0,0,0,0,4,4,20,-22,-11,-41,-29,-71,-69,-94,-94,-156,-50,-58,-67,-47,-62,-32,0,-25,-8,-33,-22,-22,-25,-17,-25,-11,158,141,320,313,345,354,350,353,434,438,760,753,745,738,731,461,745,702,703,608,854,741,771,647,862,811,29986,29987,29999]} 1. c4 c5 2. Nf3 Nc6 3. d4 cxd4 4. Nxd4 g6 5. e4 Bg7 6. Be3 Nf6 7. Nc3 Ng4 8. Qxg4 Nxd4 9. Qd1 Nc6 10. Qd2 Qa5 {has lost popularity (10...0-0).} 11. Be2 {B39: Sicilian: Maroczy Bind with 5...Bg7 and 7...Ng4.} d6 12. Rc1 Bd7 13. O-O {[#] White is better.} Rd8 $146 ({Predecessor:} 13... O-O 14. Rfd1 Be6 15. Qc2 Rfc8 16. Qb1 a6 17. Nd5 Bxd5 18. exd5 Ne5 19. h3 Qb4 20. a3 Qa4 21. Rd2 b5 {1-0 (66) Schlosser,P (2591)-Scholz,C (2387) Germany 2011}) 14. a3 O-O 15. b4 Qxa3 16. b5 Nb8 (16... Nb4 $1 $11 {remains equal.}) 17. f4 (17. Bg5 $142) 17... e6 18. Nb1 $36 {[%mdl 2048] Black is under strong pressure.} Qa1 19. Rc2 Qf6 (19... Bc8 $16 {was called for.} 20. Ra2 Qf6) 20. Bxa7 $18 Qe7 21. Rd1 (21. Nc3 $18 {has better winning chances.}) 21... d5 (21... e5 $16) 22. e5 (22. exd5 $6 exd5 23. cxd5 Rfe8 $16) 22... Rc8 23. cxd5 exd5 24. Rxc8 (24. Nc3 $18 Qa3 25. Bd4) 24... Rxc8 $16 25. Qxd5 Be6 26. Qf3 h5 27. h3 Nd7 (27... Qb4 $16) 28. Qxb7 $18 Rc2 29. Bd3 Rb2 30. Be3 Qb4 (30... Rb3 $16 31. Qf3 Qb4) 31. Qf3 (31. Nd2 $18) 31... Nc5 32. Bxc5 (32. Bf1 $16) 32... Qxc5+ $11 33. Kh1 Rf2 34. Qc6 ({Better is} 34. Qg3 $11 Qd4 35. Nd2 Qxf4 36. Qxf4 Rxf4 37. Nf3) 34... Qe3 (34... Qd4 $15 35. Qa8+ Bf8) 35. Qe4 (35. Bxg6 $1 $11 Qxf4 36. Rd8+ Bf8 37. Bd3 Bxh3 38. Rxf8+ (38. Qc5 Bxg2+ 39. Kg1 Rf1+ 40. Bxf1 Qxf1+ {[%mdl 64] Double Attack} 41. Kh2 Qh1+ 42. Kg3 h4+ 43. Kg4 Qh3+ 44. Kg5 Qg3+ 45. Kf5 Bh3+ 46. Ke4 Qg6+ 47. Kf3 Qg2+ 48. Kf4 Qg4+ 49. Ke3 Qg1+ {[%mdl 64] Double Attack} 50. Kf3 Qxc5 $19) 38... Kxf8 39. Qd6+ Kg8 40. Qd8+ Kg7 41. Qf6+ $1 {[%mdl 512]} Qxf6 42. exf6+ Kxf6 43. gxh3) 35... Qxe4 (35... Qg3 $17 36. Rf1 Bf5 $1 {[%mdl 512]} 37. Qa8+ Bf8 38. Rxf2 Qxf2 39. Bxf5 Qf1+ {[%mdl 64] Double Attack} 40. Kh2 Qxf4+ {[%mdl 64] Double Attack} 41. g3 Qxf5) 36. Bxe4 $14 Rxf4 37. Re1 (37. Rd8+ $1 $14 Kh7 38. Nd2 Bxe5 39. b6) 37... Bxe5 38. b6 Kg7 39. Nd2 Rf2 40. Rd1 g5 41. b7 g4 42. h4 Bb8 43. Bc6 (43. Kg1 $5 {[%cal Rg1f2]} g3 44. Bf3 $11) 43... f5 44. Nf1 f4 45. Kg1 Rb2 46. Nd2 {[#]} (46. Rd8 $142 Ba7+ 47. Kh2) 46... Bf5 (46... f3 $1 $17 {[%mdl 512]} 47. Be4 (47. gxf3 g3) 47... Ba7+ 48. Kf1 Bd7) 47. Nc4 $15 Rc2 48. Bd5 Ba7+ 49. Kh1 $1 Kf6 50. Nd6 (50. Ra1 $5 {[%cal Rg2g3]}) 50... Bd3 51. Re1 (51. Rxd3 {gets mated.} Rc1+ 52. Kh2 Bg1+ 53. Kh1 Bf2+ 54. Kh2 g3+ 55. Rxg3 fxg3+ 56. Kh3 Rh1#) 51... Be2 52. Nc8 $1 {[%cal Rc8a7]} Bb8 {Hoping for ...Rb2.} 53. Nb6 $1 {[%cal Rb6d7] Strongly threatening Nd7+.} Ke7 54. Be4 Rb2 $2 {[#]} (54... Rd2 $11) 55. Na4 $1 $16 {[%cal Ra4b2]} Ra2 $2 {Now Black is done in.} (55... Rd2 $16 {keeps fighting.}) 56. Nc3 $1 $18 {[%csl LRa2,LRe2][%mdl 64] Double Attack} Ra3 57. Nxe2 Re3 58. Bd5 Kd6 {[#]} 59. Rd1 $1 Ke5 (59... Kc5 $142 60. Nc1 Re7 61. Nb3+ Kb6) 60. Bc4 f3 61. gxf3 gxf3 62. Ng3 {And now Rd8 would win.} Kf4 (62... Kf6 $142 63. Rg1 Ke5) 63. Nf1 Re4 64. Bd5 Re2 65. Bc6 Rf2 66. Nh2 Kg3 67. Nxf3 Kh3 68. Rg1 {[%cal Rc6d7]} Bh2 69. Bd7# {Accuracy: White = 59%, Black = 45%.} 1-0